000 00338nam a2200145Ia 4500
005 20250324132554.0
008 240331s9999 xx 000 0 und d
082 _bKUL
_a894
100 _aKulasekar, D
245 0 _aOru snekithikkaha
260 _aShivagangai
_bAkaram
_c1990
300 _a134 p .,
650 _aShort Stories
942 _cL
999 _c4040
_d4040